<?xml version="1.0" encoding="UTF-8"?><?xml-stylesheet type="text/xsl" href="static/style.xsl"?><OAI-PMH xmlns="http://www.openarchives.org/OAI/2.0/" xmlns:xsi="http://www.w3.org/2001/XMLSchema-instance" xsi:schemaLocation="http://www.openarchives.org/OAI/2.0/ http://www.openarchives.org/OAI/2.0/OAI-PMH.xsd"><responseDate>2026-04-18T18:06:42Z</responseDate><request verb="GetRecord" identifier="oai:riubu.ubu.es:10259/6042" metadataPrefix="marc">https://riubu.ubu.es/oai/request</request><GetRecord><record><header><identifier>oai:riubu.ubu.es:10259/6042</identifier><datestamp>2021-11-02T12:24:01Z</datestamp><setSpec>com_10259.4_103</setSpec><setSpec>com_10259.4_1</setSpec><setSpec>com_10259_2604</setSpec><setSpec>col_10259_6036</setSpec></header><metadata><record xmlns="http://www.loc.gov/MARC21/slim" xmlns:doc="http://www.lyncode.com/xoai" xmlns:xsi="http://www.w3.org/2001/XMLSchema-instance" xmlns:dcterms="http://purl.org/dc/terms/" xsi:schemaLocation="http://www.loc.gov/MARC21/slim http://www.loc.gov/standards/marcxml/schema/MARC21slim.xsd">
<leader>00925njm 22002777a 4500</leader>
<datafield tag="042" ind1=" " ind2=" ">
<subfield code="a">dc</subfield>
</datafield>
<datafield tag="720" ind1=" " ind2=" ">
<subfield code="a">Sánchez Domingo, Rafael</subfield>
<subfield code="e">author</subfield>
</datafield>
<datafield tag="260" ind1=" " ind2=" ">
<subfield code="c">2014</subfield>
</datafield>
<datafield tag="520" ind1=" " ind2=" ">
<subfield code="a">El reinado de Alfonso VIII de Castilla (1155-1214) significó&#xd;
un punto de inflexión en el devenir del reino castellano, debido&#xd;
principalmente a la victoria de las Navas de Tolosa. Fortaleció los&#xd;
espacios culturales cristianos, judíos e islámicos en los ámbitos de la&#xd;
cultura escrita y oral, prueba de ello es el apoyo a la erección del primer&#xd;
Estudio General o la fundación del monasterio de las Huelgas,&#xd;
así como la consolidación de importantes dominios monásticos en el&#xd;
territorio burgalés: Cardeña, Oña, Silos. Desde la perspectiva de la&#xd;
historia del Derecho, la cesión real de jurisdicción a estos centros monásticos denota una calculada estrategia para fortalecer las estructuras&#xd;
económicas de los dominios monásticos.</subfield>
</datafield>
<datafield tag="520" ind1=" " ind2=" ">
<subfield code="a">Alfonso VIII of Castile’s reign (1155-1214) was an inflection&#xd;
point in the history of the Castilian kingdom, especially due to&#xd;
the key victory of the Battle of Las Navas de Tolosa. King Alfonso&#xd;
strengthened the Christian, Jewish and Islamic cultural world through&#xd;
his support to the foundation of the first General Studies and Las&#xd;
Huelgas Monastery, as well as through the establishment of many&#xd;
other important monasteries in Burgos, like Cardeña, Oña or Silos.&#xd;
From the point of view of the Legal History, the transfer of the royal&#xd;
jurisdiction to those monasteries was a strategy to strengthen the&#xd;
economic structures of the monastic territories.</subfield>
</datafield>
<datafield tag="024" ind2=" " ind1="8">
<subfield code="a">0211-8998</subfield>
</datafield>
<datafield tag="024" ind2=" " ind1="8">
<subfield code="a">http://hdl.handle.net/10259/6042</subfield>
</datafield>
<datafield ind1=" " ind2=" " tag="653">
<subfield code="a">Alfonso VIII</subfield>
</datafield>
<datafield ind1=" " ind2=" " tag="653">
<subfield code="a">Reino de Castilla</subfield>
</datafield>
<datafield ind1=" " ind2=" " tag="653">
<subfield code="a">Navas de Tolosa</subfield>
</datafield>
<datafield ind1=" " ind2=" " tag="653">
<subfield code="a">Dominio monástico</subfield>
</datafield>
<datafield ind1=" " ind2=" " tag="653">
<subfield code="a">Privilegios</subfield>
</datafield>
<datafield ind1=" " ind2=" " tag="653">
<subfield code="a">Fueros</subfield>
</datafield>
<datafield ind1=" " ind2=" " tag="653">
<subfield code="a">Jurisdicción</subfield>
</datafield>
<datafield ind1=" " ind2=" " tag="653">
<subfield code="a">Castilian kingdom</subfield>
</datafield>
<datafield ind1=" " ind2=" " tag="653">
<subfield code="a">Monastic territory</subfield>
</datafield>
<datafield ind1=" " ind2=" " tag="653">
<subfield code="a">Privileges</subfield>
</datafield>
<datafield ind1=" " ind2=" " tag="653">
<subfield code="a">Territorial laws</subfield>
</datafield>
<datafield ind1=" " ind2=" " tag="653">
<subfield code="a">Jurisdiction</subfield>
</datafield>
<datafield tag="245" ind1="0" ind2="0">
<subfield code="a">La concesión de un derecho singular en el territorio burgalés bajo el reinado de Alfonso VIII</subfield>
</datafield>
</record></metadata></record></GetRecord></OAI-PMH>